000 00339nam a2200145Ia 4500
005 20251222144750.0
008 251222s9999||||xx |||||||||||||| ||spa||
020 _a9789972454042
082 _a870/E82
100 _aEslava, Jorge
245 0 _aPaisaje de la MaƱana
250 _a1ra.ed.
264 _bUniversidad de Lima
942 _cLIB
999 _c19314
_d19314